Wales Rugby Squad World Cup 2015 - Statistics

General Stats
  • This quiz has been taken 373 times
  • The average score is 20 of 35
Answer Stats
Position Wales Rugby Squad World Cup 2015 % Correct
Scrum Half Williams
94%
Centre Williams
94%
Fullback Williams
94%
Lock Jones
93%
Lock Davies
90%
Scrum Half Davies
90%
Fly Half Biggar
89%
Wing North
88%
Flanker (C) Warburton
84%
Hooker Owens
78%
Centre Roberts
78%
No. 8 Faletau
74%
Wing Cuthbert
70%
Prop Jenkins
70%
Flanker Tipuric
70%
Prop Lee
62%
Flanker Lydiate
61%
Fly Half Priestland
61%
Wing Amos
51%
Hooker Baldwin
48%
Fly Half Anscombe
47%
Lock Charteris
46%
Flanker Moriarty
41%
Prop Francis
40%
Lock Ball
39%
Scrum Half Phillips
39%
Centre Hook
38%
Centre Morgan
33%
Fullback Morgan
33%
Centre Allen
26%
Prop James
25%
Wing Walker
15%
Lock Day
13%
Prop Jarvis
12%
Flanker King
11%
No matching quizzes found
Score Distribution
Percent of People with Each Score
Percentile by Number Answered
Your Score History
You have not taken this quiz